LEADER 03443 am 22006013u 450 001 9910255445903321 005 20200520144314.0 010 $a1-78371-324-0 010 $a1-78371-323-2 035 $a(CKB)3710000000421333 035 $a(EBL)3440443 035 $a(SSID)ssj0001537936 035 $a(PQKBManifestationID)11895192 035 $a(PQKBTitleCode)TC0001537936 035 $a(PQKBWorkID)11525119 035 $a(PQKB)10062010 035 $a(Au-PeEL)EBL3440443 035 $a(CaPaEBR)ebr11062890 035 $a(CaONFJC)MIL987513 035 $a(OCoLC)912325712 035 $a(ScCtBLL)4d38e2e0-bdff-4a71-a757-028b1bc79429 035 $a(MiAaPQ)EBC3440443 035 $a(EXLCZ)993710000000421333 100 $a20150620h20152015 uy 0 101 0 $aeng 135 $aur|n|---||||| 181 $ctxt 182 $cc 183 $acr 200 10$aHow the West came to rule $ethe geopolitical origins of capitalism /$fAlexander Anievas and Kerem Nisanc?oglu 210 1$aLondon, [England] :$cPluto Press,$d2015. 210 4$dİ2015 215 $a1 online resource (400 p.) 300 $aIncludes index. 311 $a0-7453-3615-9 311 $a0-7453-3521-7 327 $aCover; Contents; Figures; Acknowledgements; Introduction; 1. The Transition Debate: Theories and Critique; 2. Rethinking the Origins of Capitalism: The Theory of Uneven and Combined Development; 3. The Long Thirteenth Century: Structural Crisis, Conjunctural Catastrophe; 4. The Ottoman-Habsburg Rivalry over the Long Sixteenth Century; 5. The Atlantic Sources of European Capitalism, Territorial Sovereignty and the Modern Self; 6. The 'Classical' Bourgeois Revolutions in the History of Uneven and Combined Development 327 $a7. Combined Encounters: Dutch Colonisation in Southeast Asia and the Contradictions of 'Free Labour'8. Origins of the Great Divergence over the Longue Dure?e: Rethinking the 'Rise of the West'; Conclusion; Notes; Index 330 $aMainstream historical accounts of the development of capitalism describe a process which is fundamentally European - a system that was born in the mills and factories of England or under the guillotines of the French Revolution. In this groundbreaking book, a very different story is told. The book offers a unique interdisciplinary and international historical account of the origins of capitalism. It argues that contrary to the dominant wisdom, capitalism's origins should not be understood as a development confined to the geographically and culturally sealed borders of Europe, but the outcome of a wider array of global processes in which non-European societies played a decisive role. Through an outline of the uneven histories of Mongolian expansion, New World discoveries, Ottoman-Habsburg rivalry, the development of the Asian colonies and bourgeois revolutions, the authors provide an account of how these diverse events and processes came together to produce capitalism. 606 $aCapitalism$xHistory 606 $aCapitalism$xMoral and ethical aspect 615 0$aCapitalism$xHistory. 615 0$aCapitalism$xMoral and ethical aspect. 676 $a330.12209 700 $aAnievas$b Alexander$0923392 702 $aNisanc?oglu$b Kerem 801 0$bMiAaPQ 801 1$bMiAaPQ 801 2$bMiAaPQ 906 $aBOOK 912 $a9910255445903321 996 $aHow the West came to rule$92146753 997 $aUNINA